000 00396cam a22001217a 4500
008 180718b1959 xxu||||| |||| 00| 0 eng d
082 _aU6x54 In2m
245 _aSeminar on manaement of public industrial enterprises
260 _aNew Delhi
_bIndian Institute of Public Administration
_c1959
300 _a38p.
440 _aSeminar discussion paper no. 12
650 _aGovernment enterprise - India
999 _c502227
_d502227